000 00676nam a22001937a 4500
008 131009b xxu||||| |||| 00| 0 ger d
041 0 _ager
080 _a007:66
100 _aKafarow, W.W.
245 1 0 _aKybernetische Methoden in der Chemie und chemischen Technologie /
_cW.W. Kafarow.
260 _aBerlin :
_bVerlag Chemie ;
_c1971
300 _a483 f.:
_bme il.;
_c24 cm.
500 _aVorwort des Herausgebers = [Parathënie për botuesit: f. [V]
500 _a Vorwort des Autors = [Parathënie për autorët: f: [VI] - VIII]
505 _a Sachwortverzeichnis = [Index]: f. [477] - 483
650 0 _aKibernetika
650 0 _aIndustritë kimike
942 _2udc
_cBK
999 _c68
_d68